Sociolingvistický výskum a vyučovanie slovenčiny

Bibliographic Details
Main Author: Kralčák, Ľubomír, 1955- (Author)
Format: Article
Language:Slovak
PhysicalDescription:Lit. 7 zázn. v angl., slov.
Subjects:

MARC

LEADER 00000nab a2200000 a 4500
001 vtls000638009
003 SK-MaSNL
005 20260305023736.0
008 250425c1998 xo 0 slo
015 |a SNBRB19rr/mm-uuuuu 
035 |a CL0638148 
035 |a urn:nbn:sk:snk-abh2a 
035 |a (urnnbn)urn:nbn:sk:snk:ar-a04z09 
035 |a (uuid)97ce8f10-0b57-49e8-b2af-c0fa0b7f2046 
040 |a SNKBUCL  |b slo  |c SNKBUCL  |e AACR2 
041 0 |a slo 
044 |a xo  |c SK 
080 |a 800:301:378.4(437.6)  |2 1981 
080 |a 301  |2 1981 
080 |a 378.4(437.6)  |2 1981 
080 |a 372.880  |2 1981 
100 1 |a Kralčák, Ľubomír,  |d 1955-  |4 aut 
245 1 0 |a Sociolingvistický výskum a vyučovanie slovenčiny  |c Ľubomír Kralčák 
300 |b Lit. 7 zázn. v angl., slov. 
650 0 7 |a slovenčina  |2 snkbucl  |9 1350 
650 0 7 |a vysoké školy  |2 snkbucl  |9 1277 
650 0 7 |a sociolingvistika  |2 snkbucl  |9 869 
655 7 |a články z novín a časopisov  |2 snkbucl  |9 267496 
773 0 |t Slovenský jazyk a literatúra v škole  |g Roč. 44, č. 1-2 (1997/1998), s. 6-8 
850 |a Slovenská národná knižnica 
852 |a Slovenská národná knižnica 
954 |a odborná, vedecká literatúra pôvodná (slovenská)  |2 lita 
958 |a article27 
958 |a NB 
958 |a RK 
958 |a OND 
958 |a EUIPO 
999 |c 3298821  |d 3300751